Ilorin journal of business and social sciences (Record no. 38266)

MARC details
000 -LEADER
fixed length control field 00495nam a2200157Ia 4500
022 ## - INTERNATIONAL STANDARD SERIAL NUMBER
ISSN 1115960X
050 ## - CALL MARK
Classification number HC 1055 .A1 I45/
245 #0 - TITLE STATEMENT
Title Ilorin journal of business and social sciences
260 ## - PUBLICATION, DISTRIBUTION, ETC. (IMPRINT)
Name of publisher Faculty of Business and Social Sciences, University of Ilorin
260 ## - PUBLICATION, DISTRIBUTION, ETC. (IMPRINT)
Year of publication 2009
300 ## - PHYSICAL DESCRIPTION
Number of Pages v. , 288 p. ; 24 cm.
650 ## - SUBJECT ADDED ENTRY--TOPICAL TERM
Topical Term Business--Periodicals. Social sciences--Periodicals. Nigeria.
942 ## - ADDED ENTRY ELEMENTS (KOHA)
Koha item type Serials

No items available.